[Event "29th Czech Open-Rapid 2018"]
[Site "Pardubice"]
[Date "2018.07.19"]
[Round "5"]
[White "Kusa, Jakub"]
[Black "Mitra, Roman"]
[Result "1-0"]
[WhiteElo "1781"]
[BlackElo "2118"]
[Annotator "NA"]
[PlyCount "91"]
[EventDate "2018.07.18"]
[EventType "swiss"]
[EventCountry "CZE"]
[SourceTitle "playchess.com"]
[Source "ChessBase"]
[SourceQuality "1"]
[TimeControl "900+10"]

1. e4 {[%emt 0:00:00]} c5 {[%emt 0:00:01]} 2. Nf3 {[%emt 0:00:00]} a6 {[%emt 0:00:02]} 3. c4 {[%emt 0:00:00]} Nc6 {[%emt 0:00:03]} 4. d4 {[%emt 0:00:04]} cxd4 {[%emt 0:00:02]} 5. Nxd4 {[%emt 0:00:04]} e5 {[%emt 0:00:03]} 6. Nf5 {[%emt 0:01:05]} d5 {[%emt 0:00:15]} 7. cxd5 {[%emt 0:00:46]} Bxf5 {[%emt 0:00:03]} 8. dxc6 {[%emt 0:01:01]} Qxd1+ {[%emt 0:00:25]} 9. Kxd1 {[%emt 0:00:01]} Bxe4 {[%emt 0:00:03]} 10. cxb7 {[%emt 0:00:09]} Bxb7 {[%emt 0:00:11]} 11. Nc3 {[%emt 0:00:08]} Bc5 {[%emt 0:00:46]} 12. f3 {[%emt 0:01:38]} Ne7 {[%emt 0:02:20]} 13. Bd3 {[%emt 0:00:18]} O-O {[%emt 0:00:08]} 14. Ke2 {[%emt 0:00:08]} f5 {[%emt 0:00:10]} 15. Be3 {[%emt 0:00:35]} Rac8 {[%emt 0:02:12]} 16. Rac1 {[%emt 0:00:36]} Bxe3 {[%emt 0:00:54]} 17. Kxe3 $11 {[%emt 0:00:07]} Kf7 {[%emt 0:00:19]} 18. Rhd1 {[%emt 0:00:48]} Kf6 {[%emt 0:00:04]} 19. Bxa6 {[%emt 0:01:38]} Bxa6 {[%emt 0:00:59]} 20. Rd6+ {[%emt 0:00:02]} Kg5 {[%emt 0:00:03]} 21. Rxa6 {[%emt 0:00:02]} Nd5+ {[%emt 0:00:02]} 22. Kf2 {[%emt 0:01:10]} Rfd8 {[%emt 0:01:07]} 23. Rd1 {[%emt 0:04:54]} Nxc3 {[%emt 0:01:20]} 24. Rxd8 {[%emt 0:00:05]} Rxd8 {[%emt 0:00:02]} 25. bxc3 {[%emt 0:00:01]} Rd2+ {[%emt 0:00:03]} 26. Kf1 {[%emt 0:00:21]} Kf4 {[%emt 0:00:18]} 27. c4 {[%emt 0:00:09]} Ke3 {[%emt 0:00:27]} 28. Ra3+ {[%emt 0:00:03]} Kd4 {[%emt 0:00:02]} 29. Ra5 {[%emt 0:00:11]} e4 {[%emt 0:01:14]} 30. fxe4 {[%emt 0:00:42]} fxe4 {[%emt 0:00:03]} 31. c5 {[%emt 0:00:56]} e3 {[%emt 0:00:51]} 32. c6 {[%emt 0:00:54]} Rc2 {[%emt 0:00:08]} 33. Ke1 {[%emt 0:00:17]} Rxg2 {[%emt 0:00:34]} 34. Rc5 {[%emt 0:00:49]} Kd3 {[%emt 0:00:23]} 35. Rd5+ {[%emt 0:00:05]} Ke4 {[%emt 0:00:40]} 36. Rc5 {[%emt 0:00:49]} g6 {[%emt 0:00:16]} 37. c7 {[%emt 0:00:02]} Kf3 {[%emt 0:00:03]} 38. Kd1 {[%emt 0:00:07]} e2+ {[%emt 0:00:13]} 39. Kd2 {[%emt 0:00:15]} Rg1 {[%emt 0:00:20]} 40. Re5 {[%emt 0:00:14]} Rd1+ {[%emt 0:01:24]} 41. Kc2 {[%emt 0:00:02]} Rd5 {[%emt 0:00:06]} 42. Rxd5 {[%emt 0:00:24]} e1=Q {[%emt 0:00:03]} 43. Rd3+ {[%emt 0:00:03]} Ke4 {[%emt 0:00:16]} 44. c8=Q {[%emt 0:00:21]} Qf2+ {[%emt 0:00:06]} 45. Rd2 {[%emt 0:00:03]} Qc5+ {[%emt 0:00:03]} 46. Qxc5 {[%emt 0:00:02] Kd5} 1-0

[Event "29th Czech Open-Rapid 2018"]
[Site "Pardubice"]
[Date "2018.07.19"]
[Round "5"]
[White "Tomek, Karel"]
[Black "Trost, Edvin"]
[Result "0-1"]
[WhiteElo "1774"]
[BlackElo "1831"]
[Annotator "NA"]
[PlyCount "74"]
[EventDate "2018.07.18"]
[EventType "swiss"]
[EventCountry "CZE"]
[SourceTitle "playchess.com"]
[Source "ChessBase"]
[SourceQuality "1"]
[TimeControl "900+10"]

1. d4 {[%emt 0:00:00]} Nf6 {[%emt 0:00:00]} 2. Nf3 {[%emt 0:00:00]} c5 {[%emt 0:00:00]} 3. e3 {[%emt 0:00:00]} cxd4 {[%emt 0:00:00]} 4. exd4 {[%emt 0:00:00]} d5 {[%emt 0:00:00]} 5. Bd3 {[%emt 0:00:07]} Bg4 {[%emt 0:00:01]} 6. Nbd2 {[%emt 0:00:09]} Nc6 {[%emt 0:00:02]} 7. c3 {[%emt 0:00:07]} e6 {[%emt 0:00:06]} 8. O-O {[%emt 0:00:02]} Bd6 {[%emt 0:00:06]} 9. h3 {[%emt 0:00:01]} Bh5 {[%emt 0:00:01]} 10. Qe1 {[%emt 0:00:22]} Qc7 {[%emt 0:00:36]} 11. b4 {[%emt 0:00:34]} a6 {[%emt 0:00:17]} 12. Bb2 {[%emt 0:00:05]} O-O {[%emt 0:00:04]} 13. a4 {[%emt 0:00:21]} Rfe8 {[%emt 0:00:20]} 14. Qb1 {[%emt 0:00:03]} Bg6 {[%emt 0:00:10]} 15. Bxg6 {[%emt 0:00:17]} hxg6 {[%emt 0:00:01]} 16. Re1 {[%emt 0:00:09]} Nh5 {[%emt 0:00:31]} 17. Qc2 {[%emt 0:02:16]} Nxb4 {[%emt 0:00:08]} 18. Qb3 {[%emt 0:00:34]} Nd3 {[%emt 0:00:06]} 19. Reb1 {[%emt 0:00:07]} Nxb2 {[%emt 0:00:08]} 20. Rxb2 {[%emt 0:00:03]} Rab8 {[%emt 0:00:02]} 21. Rab1 {[%emt 0:00:11]} b5 {[%emt 0:00:04]} 22. axb5 {[%emt 0:00:51]} axb5 {[%emt 0:00:01]} 23. Qd1 {[%emt 0:00:45]} Qxc3 {[%emt 0:00:54]} 24. Rxb5 {[%emt 0:00:05]} Rxb5 {[%emt 0:00:01]} 25. Rxb5 {[%emt 0:00:02]} Rc8 {[%emt 0:00:09]} 26. Rb1 {[%emt 0:00:29]} Nf4 {[%emt 0:00:08]} 27. Nb3 {[%emt 0:01:10]} Qc2 {[%emt 0:00:34]} 28. Qf1 {[%emt 0:01:16]} Ne2+ {[%emt 0:00:53]} 29. Kh1 {[%emt 0:00:02]} Nc3 {[%emt 0:00:05]} 30. Nfd2 {[%emt 0:07:36]} Nxb1 {[%emt 0:00:08]} 31. Qxb1 {[%emt 0:00:05]} Qxb1+ {[%emt 0:00:04]} 32. Nxb1 {[%emt 0:00:03]} Rc2 {[%emt 0:00:09]} 33. N1d2 {[%emt 0:01:41]} Bb4 {[%emt 0:00:03]} 34. Nf3 {[%emt 0:00:10]} Rxf2 {[%emt 0:00:02]} 35. Kg1 {[%emt 0:00:03]} Rb2 {[%emt 0:00:02]} 36. Nc5 {[%emt 0:00:24]} Bxc5 {[%emt 0:00:01]} 37. dxc5 {[%emt 0:00:01]} Rc2 {[%emt 0:00:01]} 0-1

[Event "29th Czech Open-Rapid 2018"]
[Site "Pardubice"]
[Date "2018.07.19"]
[Round "5"]
[White "Harshini, A."]
[Black "Nikologorsky, Matfei"]
[Result "0-1"]
[WhiteElo "1747"]
[BlackElo "2140"]
[Annotator "NA"]
[PlyCount "71"]
[EventDate "2018.07.18"]
[EventType "swiss"]
[EventCountry "CZE"]
[SourceTitle "playchess.com"]
[Source "ChessBase"]
[SourceQuality "1"]
[TimeControl "900+10"]

1. e4 {[%emt 0:00:00]} c5 {[%emt 0:00:00]} 2. Nf3 {[%emt 0:00:00]} e6 {[%emt 0:00:00]} 3. d4 {[%emt 0:00:00]} cxd4 {[%emt 0:00:00]} 4. Nxd4 {[%emt 0:00:00]} a6 {[%emt 0:00:00]} 5. Nc3 {[%emt 0:00:00]} Qc7 {[%emt 0:00:00]} 6. Be2 {[%emt 0:00:02]} b5 {[%emt 0:00:08]} 7. O-O {[%emt 0:00:22]} Bb7 {[%emt 0:00:04]} 8. Bf3 {[%emt 0:00:21]} Nc6 {[%emt 0:00:07]} 9. Nxc6 {[%emt 0:00:03]} dxc6 {[%emt 0:00:06]} 10. Qe1 {[%emt 0:00:14]} Bd6 {[%emt 0:00:18]} 11. h3 {[%emt 0:00:16]} Nf6 {[%emt 0:00:14]} 12. Bg5 {[%emt 0:00:11]} Be5 {[%emt 0:00:03]} 13. Rb1 {[%emt 0:00:23]} h6 {[%emt 0:00:40]} 14. Bxf6 {[%emt 0:00:12]} Bxf6 {[%emt 0:00:02]} 15. g3 {[%emt 0:00:32]} Bd4 {[%emt 0:00:36]} 16. Ne2 {[%emt 0:00:34]} Bb6 {[%emt 0:00:02]} 17. Bg2 {[%emt 0:00:21]} c5 {[%emt 0:00:12]} 18. c4 {[%emt 0:01:16]} bxc4 {[%emt 0:00:07]} 19. Qc3 {[%emt 0:00:50]} O-O {[%emt 0:00:03]} 20. Qxc4 {[%emt 0:00:07]} a5 {[%emt 0:00:08]} 21. Rfd1 {[%emt 0:00:25]} Ba6 {[%emt 0:00:29]} 22. Qc2 {[%emt 0:00:02]} c4 {[%emt 0:00:01]} 23. Nf4 {[%emt 0:00:54]} Rfd8 {[%emt 0:01:00]} 24. Re1 {[%emt 0:01:59]} Qe5 {[%emt 0:00:16]} 25. Rbc1 {[%emt 0:02:58]} Rd7 {[%emt 0:00:50]} 26. b3 {[%emt 0:01:07]} Rad8 {[%emt 0:00:08]} 27. Nd5 {[%emt 0:05:19]} exd5 {[%emt 0:00:31]} 28. exd5 {[%emt 0:00:02]} cxb3 {[%emt 0:00:43]} 29. Qxb3 {[%emt 0:00:44]} Qd4 {[%emt 0:00:02]} 30. Re3 {[%emt 0:00:27]} a4 {[%emt 0:01:31]} 31. Qb1 {[%emt 0:00:11]} Ba7 {[%emt 0:00:47]} 32. Rce1 {[%emt 0:00:05]} g6 {[%emt 0:00:23]} 33. Re8+ {[%emt 0:00:13]} Rxe8 {[%emt 0:00:02]} 34. Rxe8+ {[%emt 0:00:02]} Kg7 {[%emt 0:00:01]} 35. Qe1 {[%emt 0:00:17]} Bb7 {[%emt 0:00:35]} 36. Re4 0-1

[Event "29th Czech Open-Rapid 2018"]
[Site "Pardubice"]
[Date "2018.07.19"]
[Round "5"]
[White "Straka, Vojtech"]
[Black "Kyrychenko, Maryan"]
[Result "0-1"]
[WhiteElo "1722"]
[BlackElo "2120"]
[Annotator "NA"]
[PlyCount "168"]
[EventDate "2018.07.18"]
[EventType "swiss"]
[EventCountry "CZE"]
[SourceTitle "playchess.com"]
[Source "ChessBase"]
[SourceQuality "1"]
[TimeControl "900+10"]

1. d4 {[%emt 0:00:00]} d5 {[%emt 0:00:00]} 2. c4 {[%emt 0:00:00]} dxc4 {[%emt 0:00:00]} 3. e4 {[%emt 0:00:00]} e5 {[%emt 0:00:01]} 4. d5 {[%emt 0:00:00]} Nf6 {[%emt 0:00:21]} 5. Nc3 {[%emt 0:00:03]} Bc5 {[%emt 0:00:09]} 6. Bg5 {[%emt 0:00:20]} h6 {[%emt 0:00:13]} 7. Bh4 {[%emt 0:00:05]} O-O {[%emt 0:00:09]} 8. Bxc4 {[%emt 0:00:55]} a6 {[%emt 0:00:10]} 9. a3 {[%emt 0:00:38]} b5 {[%emt 0:00:03]} 10. Bb3 {[%emt 0:00:35]} Nbd7 {[%emt 0:00:07]} 11. h3 {[%emt 0:00:07]} b4 {[%emt 0:00:30]} 12. axb4 {[%emt 0:00:39]} Bxb4 {[%emt 0:00:02]} 13. Bc2 {[%emt 0:01:36]} Nc5 {[%emt 0:00:14]} 14. Bxf6 {[%emt 0:00:03]} Qxf6 {[%emt 0:00:10]} 15. Nge2 {[%emt 0:00:05]} Qg6 {[%emt 0:00:39]} 16. Ng3 {[%emt 0:00:17]} a5 {[%emt 0:00:04]} 17. O-O Ba6 {[%emt 0:00:02]} 18. Re1 {[%emt 0:00:59]} Rad8 {[%emt 0:01:43]} 19. Re3 {[%emt 0:00:37]} Ne6 20. Nf5 Kh8 {[%emt 0:00:56]} 21. Qc1 {[%emt 0:00:36]} Nf4 {[%emt 0:00:14]} 22. Rg3 {[%emt 0:00:04]} Bxc3 {[%emt 0:00:09]} 23. Rxg6 {[%emt 0:02:23]} Ne2+ {[%emt 0:00:01]} 24. Kh2 {[%emt 0:00:08]} Nxc1 {[%emt 0:00:02]} 25. Rxa6 {[%emt 0:00:01]} Bd2 {[%emt 0:01:38]} 26. Ne3 {[%emt 0:01:56]} Ne2 {[%emt 0:00:22]} 27. Nc4 {[%emt 0:00:19]} Bb4 {[%emt 0:00:06]} 28. Nxe5 {[%emt 0:00:38]} Bd6 {[%emt 0:00:22]} 29. Rxd6 cxd6 30. Nc6 {[%emt 0:00:11]} Ra8 {[%emt 0:00:11]} 31. g3 {[%emt 0:00:12]} Rfc8 {[%emt 0:01:03]} 32. Bd3 {[%emt 0:00:36]} Rxc6 {[%emt 0:00:00]} 33. dxc6 {[%emt 0:00:01]} Nd4 {[%emt 0:00:01]} 34. Rc1 {[%emt 0:00:11]} Rc8 {[%emt 0:00:25]} 35. c7 {[%emt 0:00:50]} Ne6 {[%emt 0:00:00]} 36. Rc6 {[%emt 0:00:09]} Rxc7 {[%emt 0:00:02]} 37. Rxd6 {[%emt 0:00:10]} Rb7 {[%emt 0:00:00]} 38. e5 {[%emt 0:00:51]} Rxb2 {[%emt 0:00:49]} 39. Ra6 {[%emt 0:00:03]} g6 {[%emt 0:01:02]} 40. Bxg6 {[%emt 0:00:54]} Rxf2+ {[%emt 0:00:01]} 41. Kg1 {[%emt 0:00:02]} Rf3 {[%emt 0:00:02]} 42. Bxf7 {[%emt 0:00:13]} Nc7 {[%emt 0:00:32]} 43. Rf6 {[%emt 0:00:51]} Rxg3+ {[%emt 0:00:01]} 44. Kh2 {[%emt 0:00:00]} Rc3 {[%emt 0:01:02]} 45. e6 {[%emt 0:00:06]} Kg7 {[%emt 0:00:10]} 46. Rf5 {[%emt 0:00:09]} a4 {[%emt 0:00:13]} 47. Ra5 {[%emt 0:00:31]} a3 {[%emt 0:00:05]} 48. h4 {[%emt 0:00:34]} Kf6 {[%emt 0:00:08]} 49. Bg8 {[%emt 0:01:35]} Ke7 {[%emt 0:00:01]} 50. Kg2 {[%emt 0:00:28]} Nxe6 {[%emt 0:02:00]} 51. Re5 {[%emt 0:00:15]} Rc6 {[%emt 0:00:00]} 52. Bxe6 {[%emt 0:00:18]} Rxe6 {[%emt 0:00:01]} 53. Ra5 {[%emt 0:00:02]} Re3 {[%emt 0:00:01]} 54. Kf2 {[%emt 0:00:02]} Rb3 {[%emt 0:00:01]} 55. h5 Kd6 56. Ra6+ {[%emt 0:01:12]} Kc5 {[%emt 0:00:15]} 57. Rxh6 {[%emt 0:00:48]} Rb6 {[%emt 0:01:07]} 58. Rh8 {[%emt 0:00:11]} Ra6 {[%emt 0:00:00]} 59. Rc8+ {[%emt 0:00:02]} Kb4 {[%emt 0:00:17]} 60. Rb8+ {[%emt 0:00:06]} Ka4 {[%emt 0:00:24]} 61. Rb1 {[%emt 0:00:03]} a2 {[%emt 0:00:00]} 62. Ra1 {[%emt 0:00:01]} Kb3 {[%emt 0:00:01]} 63. Kg3 Ra4 64. Rf1 {[%emt 0:00:08]} Rc4 {[%emt 0:01:25]} 65. h6 {[%emt 0:00:28]} Rc6 {[%emt 0:00:20]} 66. Rf3+ {[%emt 0:00:12]} Kb4 {[%emt 0:00:42]} 67. Rf4+ {[%emt 0:00:17]} Kb5 {[%emt 0:00:01]} 68. Rf5+ {[%emt 0:00:07]} Kb6 {[%emt 0:00:01]} 69. Rf1 {[%emt 0:00:08]} Rg6+ {[%emt 0:00:00]} 70. Kh4 {[%emt 0:00:22]} Rxh6+ {[%emt 0:00:01]} 71. Kg5 {[%emt 0:00:00]} Rh2 {[%emt 0:00:01]} 72. Kf4 {[%emt 0:00:03]} Kb5 {[%emt 0:00:10]} 73. Ke3 {[%emt 0:00:01]} Kb4 {[%emt 0:00:00]} 74. Kd3 {[%emt 0:00:24]} Kb3 {[%emt 0:00:01]} 75. Rf8 {[%emt 0:00:01]} Rh3+ {[%emt 0:00:06]} 76. Kd2 {[%emt 0:00:33]} a1=Q {[%emt 0:00:03]} 77. Rb8+ {[%emt 0:00:10]} Ka2 {[%emt 0:00:01]} 78. Ra8+ {[%emt 0:00:14]} Ra3 {[%emt 0:00:01]} 79. Rc8 {[%emt 0:00:10]} Qd4+ {[%emt 0:00:03]} 80. Kc2 {[%emt 0:00:01]} Qf2+ {[%emt 0:00:04]} 81. Kc1 {[%emt 0:00:06]} Qb2+ {[%emt 0:00:05]} 82. Kd1 {[%emt 0:00:03]} Rd3+ {[%emt 0:00:02]} 83. Ke1 {[%emt 0:00:07]} Qd2+ {[%emt 0:00:01]} 84. Kf1 {[%emt 0:00:01]} Rf3+ {[%emt 0:00:01]} 0-1

[Event "29th Czech Open-Rapid 2018"]
[Site "Pardubice"]
[Date "2018.07.19"]
[Round "5"]
[White "Ret, Adam Josef"]
[Black "Fiala, Milan"]
[Result "1/2-1/2"]
[WhiteElo "1693"]
[BlackElo "1885"]
[Annotator "NA"]
[PlyCount "87"]
[EventDate "2018.07.18"]
[EventType "swiss"]
[EventCountry "CZE"]
[SourceTitle "playchess.com"]
[Source "ChessBase"]
[SourceQuality "1"]
[TimeControl "900+10"]

1. d4 {[%emt 0:00:00]} d5 {[%emt 0:00:00]} 2. c4 {[%emt 0:00:00]} e6 {[%emt 0:00:00]} 3. Nc3 {[%emt 0:00:00]} Nf6 {[%emt 0:00:00]} 4. cxd5 {[%emt 0:00:06]} exd5 {[%emt 0:00:00]} 5. Bg5 {[%emt 0:00:02]} Be7 {[%emt 0:00:04]} 6. Nf3 {[%emt 0:00:05]} O-O {[%emt 0:00:02]} 7. e3 {[%emt 0:00:01]} c6 {[%emt 0:00:49]} 8. Bd3 {[%emt 0:00:04]} h6 {[%emt 0:00:07]} 9. Bxf6 {[%emt 0:01:14]} Bxf6 {[%emt 0:00:02]} 10. O-O {[%emt 0:00:02]} Bg4 {[%emt 0:00:07]} 11. h3 {[%emt 0:00:12]} Bh5 {[%emt 0:00:18]} 12. Be2 {[%emt 0:00:40]} Nd7 {[%emt 0:00:04]} 13. Ne1 {[%emt 0:00:10]} Bg6 {[%emt 0:00:29]} 14. Bd3 {[%emt 0:00:07]} Qc7 {[%emt 0:00:33]} 15. Bxg6 {[%emt 0:00:45]} fxg6 {[%emt 0:00:02]} 16. Qc2 {[%emt 0:00:14]} Kh7 {[%emt 0:00:26]} 17. Nxd5 {[%emt 0:00:14]} Qd6 {[%emt 0:00:46]} 18. Nxf6+ {[%emt 0:00:05]} Qxf6 {[%emt 0:00:04]} 19. Nd3 {[%emt 0:02:32]} Rae8 {[%emt 0:00:02]} 20. Nf4 {[%emt 0:00:55]} Nb6 {[%emt 0:00:32]} 21. Rac1 {[%emt 0:01:41]} Nd5 {[%emt 0:02:58]} 22. Nxd5 {[%emt 0:00:30]} cxd5 {[%emt 0:00:02]} 23. Qc5 {[%emt 0:00:50]} Qf5 {[%emt 0:00:54]} 24. Qxa7 {[%emt 0:00:35]} Re7 {[%emt 0:01:33]} 25. Qc5 {[%emt 0:00:29]} Ref7 {[%emt 0:00:14]} 26. Qd6 {[%emt 0:00:38]} g5 {[%emt 0:01:54]} 27. Qe5 {[%emt 0:00:45]} Qd7 {[%emt 0:00:28]} 28. Rc5 {[%emt 0:01:06]} Qa4 {[%emt 0:02:59]} 29. f3 {[%emt 0:03:10]} Qxa2 {[%emt 0:00:18]} 30. Qxd5 {[%emt 0:00:29]} Qxb2 {[%emt 0:00:09]} 31. Rb5 {[%emt 0:00:22]} Qd2 {[%emt 0:00:09]} 32. Qe4+ {[%emt 0:00:11]} Kg8 {[%emt 0:00:33]} 33. Qe6 {[%emt 0:00:17]} Kh8 {[%emt 0:00:10]} 34. Rbb1 {[%emt 0:01:06]} Rf6 {[%emt 0:00:43]} 35. Qe5 {[%emt 0:00:29]} b6 {[%emt 0:00:07]} 36. Rfd1 {[%emt 0:00:23]} Qe2 {[%emt 0:00:31]} 37. Re1 {[%emt 0:00:03]} Qd2 {[%emt 0:00:14]} 38. Rbd1 {[%emt 0:00:09]} Qc3 {[%emt 0:00:25]} 39. Qe4 {[%emt 0:00:20]} b5 {[%emt 0:00:21]} 40. Qd3 {[%emt 0:00:07]} Qa5 {[%emt 0:00:15]} 41. Ra1 {[%emt 0:00:19]} Qb6 {[%emt 0:00:09]} 42. Qe2 {[%emt 0:00:11]} b4 {[%emt 0:00:04]} 43. Rab1 {[%emt 0:00:04]} Rb8 {[%emt 0:00:22]} 44. Qd3 {[%emt 0:00:11]} 1/2-1/2

[Event "29th Czech Open-Rapid 2018"]
[Site "Pardubice"]
[Date "2018.07.19"]
[Round "5"]
[White "Jun, Rudolf"]
[Black "Zlatin, Alexander"]
[Result "1/2-1/2"]
[WhiteElo "1651"]
[BlackElo "2135"]
[Annotator "NA"]
[PlyCount "169"]
[EventDate "2018.07.18"]
[EventType "swiss"]
[EventCountry "CZE"]
[SourceTitle "playchess.com"]
[Source "ChessBase"]
[SourceQuality "1"]
[TimeControl "900+10"]

1. e4 {[%emt 0:00:00]} e5 {[%emt 0:00:00]} 2. Nf3 {[%emt 0:00:00]} Nc6 {[%emt 0:00:00]} 3. Nc3 {[%emt 0:00:00]} Nf6 {[%emt 0:00:00]} 4. d4 {[%emt 0:00:00]} exd4 {[%emt 0:00:00]} 5. Nd5 {[%emt 0:00:00]} d6 {[%emt 0:01:18]} 6. Nxd4 {[%emt 0:00:35]} Be7 {[%emt 0:01:37]} 7. Bc4 {[%emt 0:01:24]} Nxd5 {[%emt 0:01:05]} 8. exd5 {[%emt 0:00:06]} Nxd4 {[%emt 0:00:03]} 9. Qxd4 {[%emt 0:00:06]} O-O {[%emt 0:00:02]} 10. O-O {[%emt 0:00:04]} Bf6 {[%emt 0:00:02]} 11. Qd1 {[%emt 0:00:17]} Bf5 {[%emt 0:00:26]} 12. Bd3 {[%emt 0:00:10]} Qd7 {[%emt 0:00:14]} 13. Qf3 {[%emt 0:00:23]} Bxd3 {[%emt 0:00:06]} 14. Qxd3 {[%emt 0:00:01]} Rfe8 {[%emt 0:00:11]} 15. c3 {[%emt 0:00:21]} Re7 {[%emt 0:00:28]} 16. Be3 {[%emt 0:00:06]} Qg4 {[%emt 0:00:27]} 17. h3 {[%emt 0:00:19]} Qe4 {[%emt 0:00:11]} 18. Qxe4 {[%emt 0:00:16]} Rxe4 {[%emt 0:00:10]} 19. Rab1 {[%emt 0:00:55]} Rae8 {[%emt 0:00:53]} 20. Rfc1 g6 21. c4 {[%emt 0:00:39]} Bd4 {[%emt 0:00:20]} 22. Bxd4 {[%emt 0:00:18]} Rxd4 {[%emt 0:00:01]} 23. Rc2 {[%emt 0:00:02]} f5 {[%emt 0:01:20]} 24. f3 Kf7 {[%emt 0:00:52]} 25. Kf2 {[%emt 0:00:15]} c5 {[%emt 0:00:22]} 26. dxc6 {[%emt 0:01:02]} bxc6 {[%emt 0:00:01]} 27. b4 {[%emt 0:00:03]} Rb8 {[%emt 0:00:32]} 28. a4 {[%emt 0:00:55]} Rd3 {[%emt 0:01:00]} 29. c5 {[%emt 0:02:31]} dxc5 {[%emt 0:01:43]} 30. Rxc5 {[%emt 0:00:05]} Rd6 {[%emt 0:00:07]} 31. Ra5 {[%emt 0:00:34]} Rb7 {[%emt 0:00:10]} 32. Rc5 {[%emt 0:02:42]} h6 {[%emt 0:00:19]} 33. Rc4 {[%emt 0:03:10]} Rd2+ {[%emt 0:01:17]} 34. Kg3 {[%emt 0:00:15]} Ra2 {[%emt 0:00:02]} 35. Rxc6 {[%emt 0:00:39]} Rxa4 {[%emt 0:00:02]} 36. b5 {[%emt 0:00:02]} Ra2 {[%emt 0:01:34]} 37. b6 {[%emt 0:00:38]} axb6 {[%emt 0:00:01]} 38. Rcxb6 {[%emt 0:00:03]} Re7 {[%emt 0:00:16]} 39. Rb7 {[%emt 0:00:03]} Ra7 {[%emt 0:00:04]} 40. Rxa7 {[%emt 0:00:06]} Rxa7 {[%emt 0:00:01]} 41. Rb2 {[%emt 0:00:12]} Ra6 {[%emt 0:00:09]} 42. Re2 {[%emt 0:00:13]} Re6 {[%emt 0:00:24]} 43. Ra2 {[%emt 0:00:07]} g5 {[%emt 0:00:07]} 44. Rb2 {[%emt 0:00:05]} Kg6 {[%emt 0:00:06]} 45. Ra2 {[%emt 0:00:08]} Rb6 {[%emt 0:00:03]} 46. Rc2 {[%emt 0:00:04]} h5 {[%emt 0:00:20]} 47. Rd2 {[%emt 0:00:10]} Ra6 {[%emt 0:00:02]} 48. Rb2 {[%emt 0:00:04]} h4+ {[%emt 0:00:13]} 49. Kf2 {[%emt 0:00:05]} Ra5 {[%emt 0:00:07]} 50. Rc2 {[%emt 0:00:06]} Kh5 {[%emt 0:00:06]} 51. Rb2 {[%emt 0:00:25]} Re5 {[%emt 0:00:23]} 52. Rc2 {[%emt 0:00:16]} Re6 {[%emt 0:00:04]} 53. Rd2 {[%emt 0:00:28]} Kg6 {[%emt 0:00:01]} 54. Rc2 {[%emt 0:00:07]} Kf6 {[%emt 0:00:04]} 55. Rb2 {[%emt 0:00:02]} f4 {[%emt 0:00:06]} 56. Rc2 {[%emt 0:00:12]} Ra6 {[%emt 0:00:15]} 57. Re2 {[%emt 0:00:07]} Ra5 {[%emt 0:00:11]} 58. Rb2 {[%emt 0:01:00]} Ke5 {[%emt 0:00:05]} 59. Rd2 {[%emt 0:00:43]} Rb5 {[%emt 0:00:07]} 60. Ke2 {[%emt 0:00:20]} Ra5 {[%emt 0:00:09]} 61. Kf2 {[%emt 0:00:05]} Rd5 {[%emt 0:00:01]} 62. Re2+ {[%emt 0:00:49]} Kd4 {[%emt 0:00:07]} 63. Re4+ {[%emt 0:00:24]} Kd3 {[%emt 0:00:02]} 64. Re8 {[%emt 0:00:02]} Kd2 {[%emt 0:00:12]} 65. Re7 {[%emt 0:00:13]} Kd1 {[%emt 0:00:08]} 66. Re8 {[%emt 0:00:11]} Kc2 {[%emt 0:00:20]} 67. Rc8+ {[%emt 0:00:06]} Kd2 {[%emt 0:00:03]} 68. Re8 {[%emt 0:00:02]} Kd3 {[%emt 0:00:01]} 69. Re7 {[%emt 0:00:07]} Kd4 {[%emt 0:00:05]} 70. Re4+ {[%emt 0:00:21]} Kc5 {[%emt 0:00:07]} 71. Re2 {[%emt 0:00:01]} Kd6 {[%emt 0:00:06]} 72. Rc2 {[%emt 0:00:06]} Re5 {[%emt 0:00:02]} 73. Rd2+ {[%emt 0:00:03]} Kc5 {[%emt 0:00:04]} 74. Rc2+ {[%emt 0:00:06]} Kd4 {[%emt 0:00:02]} 75. Ra2 {[%emt 0:00:30]} Rb5 {[%emt 0:00:21]} 76. Ra4+ {[%emt 0:00:16]} Kc3 {[%emt 0:00:10]} 77. Ra8 {[%emt 0:00:10]} Rb2+ {[%emt 0:00:02]} 78. Kf1 {[%emt 0:00:01]} Rb5 {[%emt 0:00:49]} 79. Kf2 {[%emt 0:00:13]} Kd4 {[%emt 0:00:01]} 80. Rd8+ {[%emt 0:00:04]} Rd5 {[%emt 0:00:00]} 81. Re8 {[%emt 0:00:01]} Kd3 {[%emt 0:00:03]} 82. Rc8 {[%emt 0:00:12]} Kd2 {[%emt 0:00:02]} 83. Re8 {[%emt 0:00:06]} Kd1 {[%emt 0:00:05]} 84. Re7 {[%emt 0:00:10]} Rd2+ {[%emt 0:00:10]} 85. Kf1 {[%emt 0:00:02]} 1/2-1/2

[Event "29th Czech Open-Rapid 2018"]
[Site "Pardubice"]
[Date "2018.07.19"]
[Round "5"]
[White "Skoloud, Barnabas"]
[Black "Vokoun, Jan"]
[Result "1-0"]
[WhiteElo "1637"]
[BlackElo "2155"]
[Annotator "NA"]
[PlyCount "53"]
[EventDate "2018.07.18"]
[EventType "swiss"]
[EventCountry "CZE"]
[SourceTitle "playchess.com"]
[Source "ChessBase"]
[SourceQuality "1"]
[TimeControl "900+10"]

1. e4 {[%emt 0:00:00]} c5 {[%emt 0:00:00]} 2. c4 {[%emt 0:00:00]} b6 {[%emt 0:00:39]} 3. Nc3 {[%emt 0:00:03]} Bb7 {[%emt 0:00:02]} 4. g3 {[%emt 0:00:06]} g6 {[%emt 0:00:38]} 5. Nge2 {[%emt 0:00:09]} Bg7 {[%emt 0:01:50]} 6. d4 {[%emt 0:00:11]} cxd4 {[%emt 0:00:15]} 7. Nxd4 {[%emt 0:00:02]} a6 {[%emt 0:00:19]} 8. Bg2 {[%emt 0:00:58]} d6 {[%emt 0:01:02]} 9. Be3 {[%emt 0:00:28]} Nd7 {[%emt 0:00:09]} 10. O-O {[%emt 0:01:33]} Rc8 {[%emt 0:00:15]} 11. Qe2 {[%emt 0:01:40]} Ne5 {[%emt 0:01:40]} 12. b3 {[%emt 0:00:51]} b5 {[%emt 0:00:02]} 13. f4 {[%emt 0:00:05]} Nd7 {[%emt 0:00:16]} 14. Rab1 {[%emt 0:01:54]} bxc4 {[%emt 0:00:53]} 15. bxc4 {[%emt 0:00:02]} Ba8 {[%emt 0:00:57]} 16. Bh3 {[%emt 0:00:48]} Qc7 {[%emt 0:01:41]} 17. Nd5 {[%emt 0:00:08]} Bxd5 {[%emt 0:02:51]} 18. cxd5 {[%emt 0:00:02]} Ra8 {[%emt 0:01:45]} 19. Rfc1 {[%emt 0:00:53]} Nc5 {[%emt 0:00:04]} 20. Nb3 {[%emt 0:02:00]} Nf6 {[%emt 0:00:20]} 21. e5 {[%emt 0:00:21]} Nxd5 {[%emt 0:02:21]} 22. exd6 {[%emt 0:00:02]} exd6 {[%emt 0:00:09]} 23. Bxc5+ {[%emt 0:00:12]} Kf8 {[%emt 0:00:01]} 24. Bd4 {[%emt 0:00:50]} Bxd4+ {[%emt 0:00:24]} 25. Nxd4 {[%emt 0:00:03]} Qa7 {[%emt 0:00:01]} 26. Qf2 {[%emt 0:00:36]} Re8 {[%emt 0:00:19]} 27. Ne6+ {[%emt 0:00:07]} 1-0